00419nam a2200109Ia 4500008004100000082000800041100005300049245008800102942000600190952009800196999001500294240331s9999 xx 000 0 und d bMAR aThe Sri Lanka Federation of University Women. ed 0aMarketable skills training project for unemployed women arts graduates of Sri Lanka cL 001040708LaWERCLbWERCLcSSCd2024-03-31l0o 331.259 MARp392r2024-03-31w2024-03-31yL c2715d2715